000
00254nam a2200109Ia 4500
008
190216s9999||||xx |||||||||||||| ||und||
100
_a
Kesavadev P
245
0
_a
Adhikaram
260
_b
Nbs Kottayam
650
_a
Malayalam-Malayalam Nadakam
942
_c
BK
999
_c
24780
_d
24780